Saaria A-Ö - Statistics

Yleistilastot
  • Tätä visaa on pelattu 398 kertaa
  • Keskiarvotulos 14 / 26
Vastaustilastot
Vihje Saari % Oikein
G Maailman suurin saari Grönlanti
92%
I Geysireistään tunnettu saari Islanti
89%
S Italialle kuuluva Välimeren suurin saari Sisilia
82%
T Kiinan itselleen vaatima saari Taiwan
82%
M New Yorkin ikoninen hallintoalue Manhattan
80%
K Karibianmeren suurin saari Kuuba
78%
A Tunnettu vankilasaari San Franciscossa Alcatraz
77%
D Roseau on tämän Karibianmeren valtion pääkaupunki Dominica
76%
Ö Ruotsin toiseksi suurin saari Öölanti
69%
R Antiikin aikaan kolossuksestaan tunnettu Kreikan saari Rodos
69%
H Japanin pääsaari Honshu
68%
J Maailman väkirikkain saari Jaava
63%
P Yhdysvaltain merkittävin territorio Puerto Rico
59%
N Kanadan itäisin kohta sijaitsee tällä saarella Newfoundland
58%
O Honolulu sijaitsee tällä Havaijiin kuuluvalla saarella Oahu
49%
B Denpasar on tämän saaren pääkaupunki Bali
47%
C Alankomaille kuuluva saari Karibianmerellä Curaçao
44%
E Napoleon karkotettiin ensimmäisen kerran tälle saarelle Elba
43%
F Indonesialle kuuluva saari, jonka nimi tarkoittaa "kukkia" portugaliksi Flores
41%
L Filippiinien pääsaari Luzon
40%
U Maailman toiseksi suurin saari Uusi-Guinea
39%
W Englannin kanaalin suurin saari Wightsaari
30%
Z Muun muassa "Salakuljettajien poukamasta" tunnettu Kreikan länsiosissa sijaitseva saari Zákynthos
20%
V Fidžin pääsaari Viti Levu
15%
Q Iranin suurin saari Qešm
11%
Y Indonesialle kuuluva saari lähellä U:lla alkavaa saarta Yos Sudarso
6%
Ehtoja vastaavia visoja ei löytynyt
Tulosjakauma
Jokaisen tuloksen saaneiden osuus
Persentiili vastausten määrän mukaan
Tuloshistoriasi
Et ole pelannut tätä visaa